Analýza pôsobenia fondu rizikového kapitálu v spoločnosti Hokejka, s.r.o diplomová práca

Saved in:
Bibliographic Details
Main Author: Chrachalová, Lenka
Corporate Author: Fakulta podnikového manažmentu EU. Katedra podnikových financií
Other Authors: Strižencová, Michaela
Format: Book
Language:Slovak
Published: Bratislava 2011
Tags: Add Tag
No Tags, Be the first to tag this record!

MARC

LEADER 00000nbm a2200000 4500
001 0131522
005 20161109101711.2
041 0 |a slo 
044 |a SK 
245 1 0 |a Analýza pôsobenia fondu rizikového kapitálu v spoločnosti Hokejka, s.r.o  |b diplomová práca  |c Lenka Chrachalová ; školiteľ: Michaela Strižencová 
264 1 |a Bratislava  |c 2011 
300 |a 85 s. 
100 1 |a Chrachalová, Lenka 
700 1 |a Strižencová, Michaela 
710 2 |a Fakulta podnikového manažmentu EU. Katedra podnikových financií